[Event "Olomouc Chess Summer 2017 - open"]
[Site "Olomouc (CZE)"]
[Date "2017.08.14"]
[Round "4"]
[White "Kusina, Jan"]
[Black "Zdrazil, Jan"]
[Result "0-1"]
[WhiteElo "2029"]
[BlackElo "1892"]
[PlyCount "76"]
[EventDate "2017.??.??"]

1. Nf3 Nf6 2. d4 g6 3. c4 Bg7 4. Nc3 O-O 5. e4 d6 6. Be2 e5 7. d5 Nbd7 8. O-O
a5 9. Ne1 Nc5 10. Qc2 Nfd7 11. Be3 f5 12. f3 f4 13. Bf2 Rf7 14. b3 Bf8 15. a3
g5 16. Rb1 Nf6 17. b4 axb4 18. axb4 Na6 19. c5 dxc5 20. Bxa6 Rxa6 21. bxc5 g4
22. Nd3 gxf3 23. Nxe5 fxg2 24. Kxg2 Bh3+ 25. Kh1 Rg7 26. Rg1 Ng4 27. Nf3 Nxf2+
28. Qxf2 Qf6 29. e5 Qf5 30. Rxb7 Bg4 31. d6 Ra3 32. Nd4 Qxe5 33. Rxc7 Qxd4 34.
Rxg7+ Bxg7 35. d7 Qxd7 36. h3 Rxc3 37. hxg4 Rh3+ 38. Kg2 Qxg4+ 0-1

[Event "Olomouc Chess Summer 2017 - seniors"]
[Site "Olomouc (CZE)"]
[Date "2017.08.14"]
[Round "4"]
[White "Heppell, Ian N"]
[Black "Trojan, Lubos"]
[Result "1/2-1/2"]
[WhiteElo "2062"]
[BlackElo "1989"]
[PlyCount "41"]
[EventDate "2017.??.??"]

1. e4 e6 2. Nc3 c5 3. f4 a6 4. Nf3 Nc6 5. d3 Nge7 6. g3 d6 7. Bg2 g6 8. O-O Bg7
9. a4 O-O 10. g4 Rb8 11. f5 exf5 12. gxf5 gxf5 13. Nh4 f4 14. Qh5 Ne5 15. Rxf4
N7g6 16. Nxg6 fxg6 17. Qh4 Be6 18. Rxf8+ Qxf8 19. Bf4 Nc6 20. Rf1 Qd8 21. Bg5
1/2-1/2

[Event "Olomouc Chess Summer 2017 - seniors"]
[Site "Olomouc (CZE)"]
[Date "2017.08.14"]
[Round "4"]
[White "Pokora, Lubomir"]
[Black "Skielnik, Joseph J"]
[Result "1/2-1/2"]
[WhiteElo "1901"]
[BlackElo "1849"]
[PlyCount "47"]
[EventDate "2017.??.??"]

1. e4 c6 2. d3 g6 3. Nd2 Bg7 4. Ngf3 d6 5. c3 e5 6. Qc2 Ne7 7. Nc4 b5 8. Ne3
Bb7 9. Be2 Nd7 10. Bd2 a6 11. O-O Qc7 12. a4 h5 13. axb5 cxb5 14. Rfe1 Nc5 15.
Bd1 Ne6 16. c4 O-O 17. Ba5 Qd7 18. Bd2 Rfc8 19. Qb1 Nc5 20. b4 Ne6 21. Nd5 Bxd5
22. cxd5 Nf8 23. Ra5 Rc7 24. Be2 1/2-1/2

[Event "Olomouc Chess Summer 2017 - seniors"]
[Site "Olomouc (CZE)"]
[Date "2017.08.14"]
[Round "4"]
[White "Stokes, Paul C"]
[Black "Zdrazil, Bohumir"]
[Result "1/2-1/2"]
[WhiteElo "1871"]
[BlackElo "1869"]
[PlyCount "37"]
[EventDate "2017.??.??"]

1. d4 Nf6 2. c4 e6 3. g3 d5 4. Nf3 c6 5. b3 Nbd7 6. Bg2 Bb4+ 7. Bd2 Bxd2+ 8.
Nbxd2 O-O 9. O-O Re8 10. Qc2 e5 11. dxe5 Nxe5 12. e3 dxc4 13. Nxc4 Nxc4 14.
Qxc4 Qc7 15. Rfd1 Be6 16. Qe2 Bd5 17. Rac1 Qe7 18. Nd2 Bxg2 19. Kxg2 1/2-1/2

[Event "Olomouc Chess Summer 2017 - seniors"]
[Site "Olomouc (CZE)"]
[Date "2017.08.14"]
[Round "4"]
[White "Fiala, Jiri"]
[Black "Spanton, Tim R"]
[Result "1/2-1/2"]
[WhiteElo "1817"]
[BlackElo "1836"]
[PlyCount "64"]
[EventDate "2017.??.??"]

1. d4 d5 2. Bf4 Nf6 3. Nf3 e6 4. e3 Bd6 5. Ne5 Bd7 6. Nd2 Nc6 7. c3 O-O 8. Bd3
Ne7 9. Qf3 Ng6 10. Bg3 Bxe5 11. dxe5 Ne8 12. Qh5 d4 13. exd4 Bc6 14. Be4 Bxe4
15. Nxe4 Qd5 16. Qe2 f5 17. exf6 Nxf6 18. Nxf6+ Rxf6 19. f3 e5 20. dxe5 Nxe5
21. Bxe5 Re8 22. O-O Rxe5 23. Qf2 Rfe6 24. Rfe1 Qxa2 25. Rad1 Rxe1+ 26. Rxe1
Kf7 27. Rxe6 Qxe6 28. h3 b6 29. Qd4 c5 30. Qf4+ Kg6 31. Qg3+ Kf7 32. Qf4+ Kg6
1/2-1/2

[Event "Olomouc Chess Summer 2017 - seniors"]
[Site "Olomouc (CZE)"]
[Date "2017.08.14"]
[Round "4"]
[White "Mikulka, Jan"]
[Black "Lacha, Jan"]
[Result "1/2-1/2"]
[WhiteElo "1849"]
[BlackElo "1783"]
[PlyCount "38"]
[EventDate "2017.??.??"]

1. e4 e6 2. d4 d5 3. Nd2 Nf6 4. e5 Nfd7 5. Bd3 c5 6. c3 Nc6 7. Ne2 cxd4 8. cxd4
f6 9. exf6 Nxf6 10. Nf3 Bd6 11. O-O O-O 12. a3 e5 13. dxe5 Nxe5 14. Nxe5 Bxe5
15. h3 Qb6 16. Rb1 Bd7 17. Bf4 Rae8 18. Be3 Qa5 19. Bd2 Qb6 1/2-1/2

[Event "Olomouc Chess Summer 2017 - GM"]
[Site "Olomouc (CZE)"]
[Date "2017.08.15"]
[Round "5.1"]
[White "Neuman 2457, Petr"]
[Black "Camarena Gimenez 2363, Rufino"]
[Result "1/2-1/2"]
[WhiteElo "2457"]
[BlackElo "2363"]
[PlyCount "28"]
[EventDate "2017.??.??"]

1. c4 Nf6 2. Nc3 g6 3. e4 d6 4. d4 Bg7 5. f4 O-O 6. Nf3 Na6 7. Be2 e5 8. fxe5
dxe5 9. d5 c5 10. O-O Ne8 11. Be3 Nd6 12. Qd2 Bd7 13. Rf2 Qe7 14. Raf1 b6
1/2-1/2

[Event "Olomouc Chess Summer 2017 - GM"]
[Site "Olomouc (CZE)"]
[Date "2017.08.15"]
[Round "5.2"]
[White "Cernousek 2447, Lukas"]
[Black "Pulpan 2390, Jakub"]
[Result "1-0"]
[WhiteElo "2447"]
[BlackElo "2390"]
[PlyCount "59"]
[EventDate "2017.??.??"]

1. d4 Nf6 2. c4 e6 3. Nc3 Bb4 4. Qc2 O-O 5. Nf3 c5 6. dxc5 Na6 7. g3 Nxc5 8.
Bg2 Nce4 9. O-O Nxc3 10. bxc3 Be7 11. e4 d6 12. e5 dxe5 13. Nxe5 Qc7 14. Qe2
Nd7 15. Bf4 Nxe5 16. Bxe5 Bd6 17. Rfe1 Rb8 18. Rad1 Bxe5 19. Qxe5 Qxe5 20. Rxe5
b6 21. c5 Bb7 22. c6 Ba8 23. c7 Rbc8 24. Bxa8 Rxa8 25. Rd7 Rac8 26. f4 h5 27.
f5 exf5 28. Rxf5 h4 29. g4 f6 30. Rfd5 1-0

[Event "Olomouc Chess Summer 2017 - GM"]
[Site "Olomouc (CZE)"]
[Date "2017.08.15"]
[Round "5.3"]
[White "Domogaev 2400, Sergey"]
[Black "Biolek-Jun. 2444, Richard"]
[Result "1-0"]
[WhiteElo "2400"]
[BlackElo "2444"]
[PlyCount "65"]
[EventDate "2017.??.??"]

1. d4 Nf6 2. c4 g6 3. Nc3 Bg7 4. e4 d6 5. h3 O-O 6. Bg5 c5 7. dxc5 Qa5 8. Bd3
Qxc5 9. Nf3 Be6 10. Rc1 Nbd7 11. O-O Ne5 12. Nd5 Bxd5 13. exd5 Nxf3+ 14. Qxf3
Nd7 15. b3 Ne5 16. Qe2 Nxd3 17. Qxd3 e5 18. Be3 Qa5 19. a4 b6 20. Bd2 Qa6 21.
f4 Qb7 22. f5 Qe7 23. Qe4 Bf6 24. Rc3 Bg5 25. Be1 Qf6 26. fxg6 Qxg6 27. Rf5 Bf4
28. Bh4 f6 29. Rxf4 exf4 30. Qxf4 Kf7 31. Qxd6 Rae8 32. Rf3 Qb1+ 33. Kh2 1-0

[Event "Olomouc Chess Summer 2017 - GM"]
[Site "Olomouc (CZE)"]
[Date "2017.08.15"]
[Round "5.4"]
[White "Rosner 2405, Jonas"]
[Black "Saiyn 2381, Zhanat"]
[Result "1/2-1/2"]
[WhiteElo "2405"]
[BlackElo "2381"]
[PlyCount "72"]
[EventDate "2017.??.??"]

1. e4 g6 2. d4 d6 3. Bc4 Bg7 4. Nf3 Nf6 5. Qe2 O-O 6. e5 dxe5 7. dxe5 Nd5 8.
O-O Bg4 9. Nbd2 Nb6 10. Bd3 Nc6 11. h3 Nd4 12. Qe4 Nxf3+ 13. Nxf3 Bxf3 14. Qxf3
Qd5 15. Qxd5 Nxd5 16. f4 e6 17. Be4 Rab8 18. c4 Nb6 19. b3 f6 20. Ba3 Rfd8 21.
Be7 Rd4 22. exf6 Rxe4 23. fxg7 Kxg7 24. Rad1 Re2 25. Rf2 Rxf2 26. Kxf2 Kf7 27.
Bc5 Ke8 28. a4 Ra8 29. Kf3 Nd7 30. Bf2 a5 31. g4 Ra6 32. Rd3 Rc6 33. Ke4 Nf6+
34. Kf3 Nd7 35. Ke4 Nf6+ 36. Kf3 Nd7 1/2-1/2

[Event "Olomouc Chess Summer 2017 - GM"]
[Site "Olomouc (CZE)"]
[Date "2017.08.15"]
[Round "5.5"]
[White "Torma 2492, Robert"]
[Black "Yagupov 2395, Igor"]
[Result "1/2-1/2"]
[WhiteElo "2492"]
[BlackElo "2395"]
[PlyCount "105"]
[EventDate "2017.??.??"]

1. d4 d5 2. c4 c6 3. cxd5 cxd5 4. Bf4 Nc6 5. e3 Nf6 6. Nc3 Bf5 7. Qb3 Na5 8.
Qa4+ Bd7 9. Qc2 e6 10. Bd3 Rc8 11. Nf3 Be7 12. O-O Nc6 13. a3 Nh5 14. Be5 f6
15. Bg3 f5 16. Be5 Nf6 17. h3 O-O 18. Bh2 Ne4 19. Bxe4 fxe4 20. Nd2 Na5 21. Qd1
Qb6 22. Rb1 Bb5 23. Nxb5 Qxb5 24. b4 Nc4 25. Nxc4 Rxc4 26. Qg4 Qd7 27. f3 exf3
28. Rxf3 Rxf3 29. Qxf3 Bf6 30. Rf1 h6 31. Qh5 Kh7 32. Bf4 Qe7 33. Rf3 Rc8 34.
Rg3 Qe8 35. Qg4 b5 36. Kh2 Rc3 37. Be5 Qf7 38. Bxf6 Qxf6 39. Qe2 a6 40. Qb2 Rc4
41. Qe2 Qf5 42. h4 Rc2 43. Qd1 Rc3 44. Qd2 Qd3 45. Qf2 Qe4 46. Rf3 Rxa3 47. h5
Rc3 48. Qg3 Rc8 49. Rf7 Rg8 50. Qh3 Re8 51. Qg3 Rg8 52. Qh3 Re8 53. Qg3 1/2-1/2

[Event "Olomouc Chess Summer 2017 - GM"]
[Site "Olomouc (CZE)"]
[Date "2017.08.15"]
[Round "5.6"]
[White "Vokac 2416, Marek"]
[Black "Koksal 2360, Ege"]
[Result "1/2-1/2"]
[WhiteElo "2416"]
[BlackElo "2360"]
[PlyCount "89"]
[EventDate "2017.??.??"]

1. c4 Nf6 2. Nc3 g6 3. e4 d6 4. d4 Bg7 5. Be2 c5 6. d5 O-O 7. Nf3 e6 8. O-O
exd5 9. cxd5 Bg4 10. h3 Bxf3 11. Bxf3 Re8 12. Bf4 a6 13. a4 Qc7 14. g4 Nfd7 15.
Be2 Bxc3 16. bxc3 Rxe4 17. Bg5 Re5 18. f4 Rxg5 19. fxg5 Ne5 20. c4 Nbd7 21. Qd2
Re8 22. a5 Rb8 23. Rab1 b6 24. axb6 Rxb6 25. Qa5 Qd8 26. Rxb6 Nxb6 27. Rf2 Ned7
28. Qd2 Qe7 29. Qf4 a5 30. Bf1 Kg7 31. Re2 Ne5 32. Rb2 Ned7 33. Kf2 a4 34. Rb5
Kf8 35. Ra5 Kg7 36. Ra6 Qf8 37. Be2 Qc8 38. Ra5 Qc7 39. Ra6 Nb8 40. Qf6+ Kg8
41. Ra7 Qxa7 42. Qd8+ Kg7 43. Qf6+ Kf8 44. Qd8+ Kg7 45. Qf6+ 1/2-1/2

[Event "Olomouc Chess Summer 2017 - IM 1"]
[Site "Olomouc (CZE)"]
[Date "2017.08.15"]
[Round "5.1"]
[White "Karayev 2228, Kanan"]
[Black "Mukashev 2199, Assan"]
[Result "1-0"]
[WhiteElo "2228"]
[BlackElo "2199"]
[PlyCount "57"]
[EventDate "2017.??.??"]

1. e4 e6 2. d4 d5 3. Nd2 Nf6 4. e5 Nfd7 5. Bd3 c5 6. c3 Nc6 7. Ne2 Qb6 8. Nf3
cxd4 9. cxd4 f6 10. exf6 Nxf6 11. O-O Bd6 12. Bf4 Bxf4 13. Nxf4 Qxb2 14. Re1
O-O 15. Re2 Qc3 16. Nxe6 Bxe6 17. Rxe6 Rae8 18. Rxe8 Rxe8 19. Rb1 Ne4 20. Rxb7
Nxd4 21. Bxe4 dxe4 22. Nxd4 Rd8 23. Rxg7+ Kh8 24. Rxa7 Rxd4 25. Ra8+ Kg7 26.
Qg4+ Kf6 27. Rf8+ Ke7 28. Qg7+ Ke6 29. Re8+ 1-0

[Event "Olomouc Chess Summer 2017 - IM 1"]
[Site "Olomouc (CZE)"]
[Date "2017.08.15"]
[Round "5.2"]
[White "Klima 2332, Lukas"]
[Black "Chetverik 2250, Maxim"]
[Result "0-1"]
[WhiteElo "2332"]
[BlackElo "2250"]
[PlyCount "94"]
[EventDate "2017.??.??"]

1. e4 Nf6 2. e5 Nd5 3. Nc3 Nxc3 4. bxc3 d5 5. d4 c5 6. Nf3 Bg4 7. Be2 e6 8. Rb1
Qc7 9. c4 dxc4 10. d5 exd5 11. Qxd5 Nc6 12. Qxc4 Be6 13. Qa4 Be7 14. Ng5 Bxg5
15. Bxg5 O-O 16. Bf4 Rfd8 17. c3 Nd4 18. Bd1 Bf5 19. Rc1 b5 20. Qa3 Ne6 21. Be3
Bd3 22. f4 a5 23. Kf2 g5 24. g3 Be4 25. Re1 gxf4 26. Bxf4 Bb7 27. c4 b4 28. Qe3
Qc6 29. Rg1 Rd4 30. Bg5 Nxg5 31. Qxg5+ Qg6 32. Qxg6+ hxg6 33. Bf3 Bxf3 34. Kxf3
Rd2 35. Rge1 Rxa2 36. Rcd1 Rc2 37. e6 fxe6 38. Rxe6 Rxc4 39. Rxg6+ Kh7 40. Rdd6
Rf8+ 41. Ke3 Re8+ 42. Kd2 Rd4+ 43. Rxd4 Kxg6 44. Rd6+ Kf5 45. Ra6 Ke4 46. Rxa5
Kd4 47. Ra1 c4 0-1

[Event "Olomouc Chess Summer 2017 - IM 1"]
[Site "Olomouc (CZE)"]
[Date "2017.08.15"]
[Round "5.4"]
[White "Kulkarni 2291, Bhakti"]
[Black "Hoefelsauer 2357, Thomas"]
[Result "1-0"]
[WhiteElo "2291"]
[BlackElo "2357"]
[PlyCount "27"]
[EventDate "2017.??.??"]

1. d4 d5 2. Nf3 Nf6 3. c4 c6 4. e3 Bf5 5. cxd5 cxd5 6. Nc3 Nc6 7. Ne5 e6 8. g4
Nxe5 9. dxe5 Nxg4 10. Qa4+ Ke7 11. Qb4+ Kd7 12. Qxb7+ Qc7 13. Bb5+ Ke7 14.
Qxc7# 1-0

[Event "Olomouc Chess Summer 2017 - IM 1"]
[Site "Olomouc (CZE)"]
[Date "2017.08.15"]
[Round "5.5"]
[White "Chkhaidze 2367, Nikoloz"]
[Black "Brhel 2113, Jan"]
[Result "1-0"]
[WhiteElo "2367"]
[BlackElo "2113"]
[PlyCount "43"]
[EventDate "2017.??.??"]

1. c4 c6 2. d4 d5 3. cxd5 cxd5 4. Nc3 Nf6 5. Bf4 Bf5 6. e3 a6 7. Qb3 Qc8 8.
Nxd5 Nxd5 9. Qxd5 Nc6 10. a3 e6 11. Qb3 b5 12. Rc1 Qb7 13. Nf3 Be4 14. Bd3 Bd5
15. Qc2 Rc8 16. O-O g5 17. Be5 Bxf3 18. gxf3 f6 19. Be4 Nxe5 20. Qxc8+ Qxc8 21.
Rxc8+ Kd7 22. Rxf8 1-0

[Event "Olomouc Chess Summer 2017 - IM 2"]
[Site "Olomouc (CZE)"]
[Date "2017.08.15"]
[Round "5.1"]
[White "Galyas 2486, Miklos"]
[Black "Burnett 2209, Andrew"]
[Result "1/2-1/2"]
[WhiteElo "2486"]
[BlackElo "2209"]
[PlyCount "75"]
[EventDate "2017.??.??"]

1. Nf3 Nf6 2. g3 g6 3. b3 Bg7 4. Bb2 O-O 5. Bg2 d6 6. d4 c5 7. O-O cxd4 8. Nxd4
a6 9. c4 Qa5 10. Nc3 Nbd7 11. e3 Re8 12. Rc1 Rb8 13. a3 Ne5 14. b4 Qc7 15. Nd5
Nxd5 16. cxd5 Nc4 17. Ba1 b5 18. Nc6 Bxa1 19. Rxa1 Ra8 20. Qc2 Bd7 21. Na5 Rac8
22. Rfc1 Qb6 23. Nxc4 Rxc4 24. Qb2 Rec8 25. Rxc4 Rxc4 26. Bf1 Rc7 27. Rc1 Qb7
28. Rxc7 Qxc7 29. Bd3 Bg4 30. Kg2 Qc8 31. f3 Bf5 32. e4 Bh3+ 33. Kf2 h5 34. Qd2
Bd7 35. Ke1 Qc7 36. Qc2 Qb6 37. Qf2 Qc7 38. Qc2 1/2-1/2

[Event "Olomouc Chess Summer 2017 - IM 2"]
[Site "Olomouc (CZE)"]
[Date "2017.08.15"]
[Round "5.2"]
[White "Olsarova 2283, Karolina"]
[Black "Jurek 2274, Josef"]
[Result "1/2-1/2"]
[WhiteElo "2283"]
[BlackElo "2274"]
[PlyCount "52"]
[EventDate "2017.??.??"]

1. e4 e6 2. d4 d5 3. Nd2 c5 4. exd5 Qxd5 5. Ngf3 cxd4 6. Bc4 Qd7 7. O-O Nc6 8.
Nb3 a6 9. Nbxd4 Nxd4 10. Nxd4 Qc7 11. Qe2 Bd6 12. h3 Ne7 13. Rd1 O-O 14. Bxe6
Bh2+ 15. Kh1 fxe6 16. Nxe6 Qe5 17. Qxe5 Bxe5 18. Nxf8 Kxf8 19. c3 Nc6 20. Be3
Be6 21. f4 Bf6 22. Bb6 h5 23. Rd6 Kf7 24. Re1 Bf5 25. Rd5 g6 26. Kh2 h4 1/2-1/2

[Event "Olomouc Chess Summer 2017 - IM 2"]
[Site "Olomouc (CZE)"]
[Date "2017.08.15"]
[Round "5.3"]
[White "Nitish 2269, Belurkar"]
[Black "Tymrakiewicz 2188, Rafal"]
[Result "0-1"]
[WhiteElo "2269"]
[BlackElo "2188"]
[PlyCount "64"]
[EventDate "2017.??.??"]

1. e4 c6 2. d4 d5 3. f3 e6 4. Nc3 Nf6 5. Bg5 Be7 6. Qd3 b6 7. O-O-O Ba6 8. Qd2
Bxf1 9. Rxf1 b5 10. Bxf6 Bxf6 11. e5 Be7 12. f4 Nd7 13. h4 Qa5 14. Kb1 b4 15.
Nd1 c5 16. Ne2 Nb6 17. Ne3 g6 18. g4 O-O-O 19. f5 gxf5 20. gxf5 Rd7 21. dxc5
Bxc5 22. fxe6 fxe6 23. Nd4 Nc4 24. Nxc4 dxc4 25. Qg2 Bxd4 26. Qa8+ Kc7 27. Qxh8
b3 28. a3 bxc2+ 29. Kxc2 Qb5 30. b4 Qa4+ 31. Kb1 Qb3+ 32. Kc1 Be3# 0-1

[Event "Olomouc Chess Summer 2017 - IM 2"]
[Site "Olomouc (CZE)"]
[Date "2017.08.15"]
[Round "5.4"]
[White "Pranav 2155, Anand"]
[Black "Biolek-Sen. 2439, Richard"]
[Result "1/2-1/2"]
[WhiteElo "2155"]
[BlackElo "2439"]
[PlyCount "124"]
[EventDate "2017.??.??"]

1. e4 c5 2. Nf3 e6 3. d3 Nc6 4. g3 d5 5. Nbd2 g6 6. Bg2 Bg7 7. O-O Nge7 8. Re1
O-O 9. e5 Qc7 10. Qe2 Bd7 11. Nb3 b6 12. Bf4 a5 13. a4 Nb4 14. c3 Nxd3 15. Qxd3
c4 16. Qc2 cxb3 17. Qxb3 Rfc8 18. Nd4 h6 19. h4 Qd8 20. Bf1 Nc6 21. Bd3 Nxd4
22. cxd4 Qe8 23. Bd2 Bf8 24. h5 Rab8 25. Qd1 gxh5 26. Qxh5 f5 27. Qh4 Qg6 28.
Kg2 Be8 29. Rh1 Rc7 30. Kf1 h5 31. g4 hxg4 32. Qh8+ Kf7 33. Bh6 Bd7 34. Bb5 g3
35. fxg3 Bxb5+ 36. axb5 f4 37. Qf6+ Qxf6 38. exf6 Bxh6 39. Rxh6 Rc2 40. gxf4
Rbc8 41. Re1 Rc1 42. Rh7+ Kxf6 43. Rb7 Rxe1+ 44. Kxe1 Rc2 45. Rxb6 Rxb2 46. Rb8
Kf5 47. Rf8+ Ke4 48. Re8 Kxf4 49. Rxe6 a4 50. Ra6 Ke3 51. Kd1 Rb4 52. Kc2 Kxd4
53. b6 Ke3 54. Ra5 d4 55. Re5+ Kf4 56. Re1 Rb3 57. Kd2 a3 58. Ra1 d3 59. b7 Ke4
60. Rxa3 Rb2+ 61. Kc1 Rxb7 62. Ra8 Kd4 1/2-1/2

[Event "Olomouc Chess Summer 2017 - IM 2"]
[Site "Olomouc (CZE)"]
[Date "2017.08.15"]
[Round "5.5"]
[White "Leeb 2207, Simon"]
[Black "Mammadova 2277, Narmin"]
[Result "1/2-1/2"]
[WhiteElo "2207"]
[BlackElo "2277"]
[PlyCount "34"]
[EventDate "2017.??.??"]

1. d4 d5 2. c4 c6 3. Nc3 Nf6 4. Nf3 dxc4 5. a4 e6 6. e3 c5 7. Bxc4 Nc6 8. O-O
cxd4 9. exd4 Be7 10. d5 exd5 11. Nxd5 Nxd5 12. Qxd5 Be6 13. Qe4 Bxc4 14. Qxc4
O-O 15. Bd2 Bf6 16. Rad1 Qc8 17. Bc3 Bxc3 1/2-1/2

[Event "Olomouc Chess Summer 2017 - open"]
[Site "Olomouc (CZE)"]
[Date "2017.08.15"]
[Round "5.1"]
[White "Baasansuren 2169, Erdene"]
[Black "Nasanjargal 2419, Urtnasan"]
[Result "0-1"]
[WhiteElo "2169"]
[BlackElo "2419"]
[PlyCount "92"]
[EventDate "2017.??.??"]

1. d4 Nf6 2. c4 e6 3. g3 Bb4+ 4. Bd2 c5 5. a3 Bxd2+ 6. Qxd2 cxd4 7. Qxd4 Nc6 8.
Qd2 Ne4 9. Qc2 Qa5+ 10. Nd2 d5 11. Ngf3 Nxd2 12. Nxd2 dxc4 13. Bg2 Bd7 14. Qxc4
Rc8 15. Rd1 Ne5 16. Qa2 Bb5 17. b4 Qa4 18. Qa1 O-O 19. Nf3 Bxe2 20. Nxe5 Bxd1
21. Qxd1 Qb5 22. Nf3 Rfd8 23. Qb1 Rc3 24. Nd2 Rxa3 25. Qb2 Ra4 26. Be4 Rxb4 27.
Qc1 Rbd4 28. Bf3 Rxd2 29. Qxd2 Rxd2 30. Kxd2 g6 31. Rc1 Qe5 32. Rc2 b5 33. Rc8+
Kg7 34. Rc2 b4 35. Kd3 b3 36. Rc1 Qf5+ 37. Be4 Qxf2 38. Rb1 f5 39. Rxb3 fxe4+
40. Kxe4 Qc2+ 41. Rd3 Kf6 42. h4 h5 43. g4 hxg4 44. h5 gxh5 45. Kf4 e5+ 46. Ke4
Qe2+ 0-1

[Event "Olomouc Chess Summer 2017 - open"]
[Site "Olomouc (CZE)"]
[Date "2017.08.15"]
[Round "5.2"]
[White "Zakoucka 2009, Adela"]
[Black "Kula 2153, Dominik"]
[Result "0-1"]
[WhiteElo "2009"]
[BlackElo "2153"]
[PlyCount "72"]
[EventDate "2017.??.??"]

1. d4 f5 2. g3 Nf6 3. Nf3 g6 4. Bg2 Bg7 5. O-O O-O 6. b3 d6 7. Bb2 Ne4 8. c4 c5
9. Qc2 cxd4 10. Bxd4 Bxd4 11. Nxd4 Qb6 12. Nf3 Nd7 13. Nc3 Ndf6 14. Nd5 Nxd5
15. cxd5 Bd7 16. Nd2 Rac8 17. Nc4 Nf6 18. Qd2 Qa6 19. Qe3 b5 20. Nd2 Rc2 21. a3
Qb6 22. Qxb6 axb6 23. Rfd1 Rfc8 24. Kf1 Rb2 25. Ke1 Rcc2 26. Rac1 Bc8 27. Rxc2
Rxc2 28. e4 Bb7 29. f3 fxe4 30. fxe4 Ng4 31. Bh3 Ne5 32. Ke2 b4 33. axb4 Ba6+
34. Ke3 Rc3+ 35. Kf4 h6 36. Bf1 g5+ 0-1

[Event "Olomouc Chess Summer 2017 - open"]
[Site "Olomouc (CZE)"]
[Date "2017.08.15"]
[Round "5.3"]
[White "Leite Oralova 2164, Catarina"]
[Black "Gombocz 1894, Ferenc Jr"]
[Result "0-1"]
[WhiteElo "2164"]
[BlackElo "1894"]
[PlyCount "132"]
[EventDate "2017.??.??"]

1. e4 e5 2. Nc3 Nf6 3. Nf3 Bb4 4. Bc4 O-O 5. Qe2 d6 6. O-O Nc6 7. Nd1 Bg4 8. c3
Bc5 9. d3 h6 10. Be3 Bb6 11. h3 Bh5 12. Bxb6 axb6 13. Ne3 Ne7 14. g4 Bg6 15.
Nh4 Bh7 16. Bb3 d5 17. Nef5 Bxf5 18. gxf5 Nc6 19. Ng2 dxe4 20. dxe4 Qe7 21. Kh2
Rad8 22. Nh4 Kh7 23. Rg1 Na5 24. Ba4 Qc5 25. Bb3 Nxb3 26. axb3 Qc6 27. f3 Nh5
28. Ng2 Qf6 29. Qe3 g6 30. Rad1 gxf5 31. exf5 Qxf5 32. Qe4 Qxe4 33. fxe4 Nf6
34. Rde1 Rd2 35. Kg3 Rxb2 36. b4 Rc2 37. Re3 Rg8+ 38. Kf3 Nh5 39. Ne1 Rh2 40.
Rxg8 Rxh3+ 41. Kg4 Rxe3 42. Rc8 Kg6 43. Rg8+ Ng7 44. Ng2 h5+ 45. Kh4 Rxe4+ 46.
Kg3 Rg4+ 47. Kf3 e4+ 48. Kf2 h4 49. Rh8 Nf5 50. Rg8+ Kh5 51. Rh8+ Nh6 52. Ne3
Rf4+ 53. Ke2 h3 54. Nf1 e3 55. Ng3+ Kg6 56. Kxe3 Rg4 57. Kf3 Rc4 58. Ne2 h2 59.
Kg2 Rh4 60. Ng3 Kg7 61. Rc8 Rc4 62. Ne2 Ng4 63. Re8 f5 64. Re7+ Kg6 65. Rd7 f4
66. Rd3 h1=Q+ 0-1

[Event "Olomouc Chess Summer 2017 - open"]
[Site "Olomouc (CZE)"]
[Date "2017.08.15"]
[Round "5.4"]
[White "Hoerr 2196, Matthias"]
[Black "Zaehringer 2015, Daniel"]
[Result "1/2-1/2"]
[WhiteElo "2196"]
[BlackElo "2015"]
[PlyCount "54"]
[EventDate "2017.??.??"]

1. e4 e5 2. d4 exd4 3. Nf3 Nc6 4. Bc4 Nf6 5. e5 d5 6. Bb5 Ne4 7. Nxd4 Bd7 8.
Bxc6 bxc6 9. O-O Bc5 10. Be3 O-O 11. f3 Ng5 12. f4 Ne4 13. Nd2 Nxd2 14. Qxd2
Rb8 15. Nb3 Bxe3+ 16. Qxe3 Bf5 17. Qxa7 Ra8 18. Qc5 Ra4 19. Qxc6 Rc4 20. Qb7
Rxc2 21. Nd4 Bc8 22. Qb3 Rc4 23. Rad1 Ba6 24. Rf2 c5 25. Nf5 d4 26. Qg3 g6 27.
Nd6 f6 1/2-1/2

[Event "Olomouc Chess Summer 2017 - open"]
[Site "Olomouc (CZE)"]
[Date "2017.08.15"]
[Round "5.5"]
[White "Zdrazil 1892, Jan"]
[Black "Steiner 2185, Bruno"]
[Result "1/2-1/2"]
[WhiteElo "1892"]
[BlackElo "2185"]
[PlyCount "77"]
[EventDate "2017.??.??"]

1. e4 e5 2. Nf3 Nc6 3. Bb5 a6 4. Ba4 Nf6 5. O-O Be7 6. Re1 b5 7. Bb3 d6 8. c3
O-O 9. h3 Nb8 10. d4 Nbd7 11. Nbd2 Bb7 12. Bc2 Re8 13. Nf1 Bf8 14. Ng3 g6 15.
a4 Bg7 16. Bd3 bxa4 17. Rxa4 exd4 18. cxd4 c5 19. Bd2 cxd4 20. Ba5 Qe7 21. Rxd4
Ne5 22. Nxe5 dxe5 23. Bb4 Qe6 24. Rd6 Qc8 25. Qb3 a5 26. Ba3 a4 27. Qb6 Nd7 28.
Rxd7 Qxd7 29. Bb5 Re6 30. Qc5 Qd4 31. Qc2 Bf8 32. Bxf8 Kxf8 33. Rd1 Qb4 34. Bd7
Re7 35. Qc1 Rd8 36. Qh6+ Kg8 37. Nf5 gxf5 38. Qg5+ Kh8 39. Qf6+ 1/2-1/2

[Event "Olomouc Chess Summer 2017 - open"]
[Site "Olomouc (CZE)"]
[Date "2017.08.15"]
[Round "5.6"]
[White "Musil 1963, Vitezslav"]
[Black "Lushnikov 2121, Evgeny"]
[Result "0-1"]
[WhiteElo "1963"]
[BlackElo "2121"]
[PlyCount "96"]
[EventDate "2017.??.??"]

1. Nf3 c5 2. g3 Nc6 3. Bg2 g6 4. O-O Bg7 5. d3 e5 6. e4 Nge7 7. Nc3 O-O 8. Bg5
h6 9. Be3 Nd4 10. Ne2 d5 11. c3 Nxf3+ 12. Bxf3 d4 13. cxd4 cxd4 14. Bd2 Be6 15.
Bg2 Qb6 16. f4 Qb5 17. fxe5 Nc6 18. Nf4 Nxe5 19. Nxe6 fxe6 20. Rxf8+ Rxf8 21.
Qb3 Qxb3 22. axb3 Nf3+ 23. Bxf3 Rxf3 24. Rxa7 Rxd3 25. Ra8+ Kf7 26. Ba5 Rxb3
27. Rc8 Be5 28. Rc5 Bd6 29. Rc2 d3 30. Rf2+ Ke7 31. Kf1 Bb4 32. Bxb4+ Rxb4 33.
Rd2 Rd4 34. Kf2 Kf6 35. Ke3 Ke5 36. Rxd3 Rxe4+ 37. Kf3 Rb4 38. Rd2 g5 39. Re2+
Kf5 40. Rc2 Rb3+ 41. Kg2 e5 42. Re2 g4 43. Kf2 h5 44. Ke1 e4 45. Kd1 Ke5 46.
Rc2 Kd4 47. Re2 Rf3 48. Rg2 Rf1+ 0-1

[Event "Olomouc Chess Summer 2017 - open"]
[Site "Olomouc (CZE)"]
[Date "2017.08.15"]
[Round "5.7"]
[White "Fogel 2106, Pierre"]
[Black "Dolansky 2024, Lukas"]
[Result "1/2-1/2"]
[WhiteElo "2106"]
[BlackElo "2024"]
[PlyCount "51"]
[EventDate "2017.??.??"]

1. d4 d5 2. Nf3 Nf6 3. c4 e6 4. Nc3 Be7 5. Bg5 O-O 6. e3 Nbd7 7. Qc2 b6 8. cxd5
exd5 9. Be2 Bb7 10. O-O h6 11. Bh4 Ne4 12. Bxe7 Qxe7 13. Rfd1 Ndf6 14. Rac1
Nxf2 15. Kxf2 Ng4+ 16. Kg3 Nxe3 17. Qd2 Nxd1 18. Rxd1 c5 19. dxc5 bxc5 20. Kf2
d4 21. Nb5 Rab8 22. b3 Rfe8 23. Na3 a5 24. Nc4 Ba6 25. Re1 a4 26. Bd3 1/2-1/2

[Event "Olomouc Chess Summer 2017 - open"]
[Site "Olomouc (CZE)"]
[Date "2017.08.15"]
[Round "5.8"]
[White "Modi 1485, Sonia"]
[Black "Valenta 2086, Vit"]
[Result "0-1"]
[WhiteElo "1485"]
[BlackElo "2086"]
[PlyCount "55"]
[EventDate "2017.??.??"]

1. c4 e5 2. g3 g6 3. Bg2 Bg7 4. Nc3 Ne7 5. e3 Nbc6 6. Nge2 f5 7. d4 e4 8. f3
exf3 9. Bxf3 O-O 10. O-O Kh8 11. a3 a5 12. Rb1 Ng8 13. b4 axb4 14. axb4 d6 15.
Qc2 Nf6 16. Nf4 Re8 17. h3 Qd7 18. Nfd5 Nxd5 19. Nxd5 Ne7 20. Qg2 Nxd5 21. Bxd5
c6 22. Bf3 Ra4 23. Qc2 Ra8 24. Qb3 Qe7 25. Kg2 Be6 26. b5 Qf7 27. Be2 Bd7 28.
Qd3 0-1